Study of exchange rate volatility using neural networks /
Saved in:
| 主要作者: | |
|---|---|
| 格式: | Thesis 圖書 |
| 語言: | English |
| 出版: |
1996.
|
| 主題: | |
| 標簽: |
添加標簽
沒有標簽, 成為第一個標記此記錄!
|
| LEADER | 00779cam a2200229 a 4500 | ||
|---|---|---|---|
| 001 | u397105 | ||
| 003 | SIRSI | ||
| 008 | 960527s1996 si v 00 1 eng m | ||
| 035 | |a ACA-2782 | ||
| 040 | |a UMM | ||
| 090 | |a HG3823 |b Koh | ||
| 100 | 1 | 0 | |a Koh, Sylvia Mui Koong. |
| 245 | 1 | 0 | |a Study of exchange rate volatility using neural networks / |c by Sylvia Koh Mui Koong. |
| 260 | |c 1996. | ||
| 300 | |a 30 leaves : |b ill. ; |c 30 cm. | ||
| 502 | |a Dissertation (M.B.A.) -- National University of Singapore, 1996. | ||
| 504 | |a Bibliography: leaf 30. | ||
| 650 | 0 | |a Foreign exchange |x Mathematical models | |
| 650 | 0 | |a Neural networks (Computer science) | |
| 948 | |a 27/05/1996 |b 25/11/2000 | ||
| 596 | |a 1 | ||
| 999 | |a HG3823 KOH |w LC |c 1 |i A505826600 |d 10/7/2000 |l STACKS |m P01UTAMA |n 7 |r Y |s Y |t TESIS |u 1/10/1996 | ||
